Iyengar's commentary on the copyright act / (Record no. 82723)

MARC details
000 -LEADER
fixed length control field 00758nam a22002177a 4500
005 - DATE AND TIME OF LATEST TRANSACTION
control field 20140318125831.0
010 ## - LCCN (DPL NO)
LC control number ENG-109452
020 ## - INTERNATIONAL STANDARD BOOK NUMBER
Terms of availability 1995.00
International Standard Book Number 9789350353417
035 ## - SYSTEM CONTROL NUMBER
System control number EN-92985
037 ## - SOURCE OF ACQUISITION
Source of stock number/acquisition DBAD/PUB
082 ## - DEWEY DECIMAL CLASSIFICATION NUMBER
Classification number 346.540482
100 ## - MAIN ENTRY--PERSONAL NAME
Personal name Srinivasa Iyengar, T. R
245 00 - TITLE STATEMENT
Title Iyengar's commentary on the copyright act /
Statement of responsibility, etc by T.R. Srinivasa Iyengar
250 ## - EDITION STATEMENT
Edition statement 8th thoroughly rev updated and enl ed by Raghbir Singh
260 ## - PUBLICATION, DISTRIBUTION, ETC. (IMPRINT)
Place of publication, distribution, etc Delhi
Name of publisher, distributor, etc Universal Law Publishing
Date of publication, distribution, etc 2013
270 ## - ADDRESS
Address C-FF-1A, Dilkhush Industrial Estate, (Near Azadpur Metro Station) G.T. Karnal Road,
City Delhi
Postal code 110033
300 ## - PHYSICAL DESCRIPTION
Extent lxxvi,1324p.
Dimensions 25cm(Hb)
500 ## - GENERAL NOTE
General note Includes index
700 ## - ADDED ENTRY--PERSONAL NAME
Personal name Raghbir Singh
942 ## - ADDED ENTRY ELEMENTS (KOHA)
Source of classification or shelving scheme Dewey Decimal Classification
Item type English Books
Call number suffix IYE
Classification part 346.540482
Holdings
Withdrawn status Lost status Not for loan Collection code Home library Current library Date acquired Source of acquisition Cost, normal purchase price Full call number Barcode Copy number Cost, replacement price Koha item type
    Not For Loan Non-fiction D.B.Act.Division D.B.Act.Division 25/02/2014 DBAD/PUB 1995.00 346.540482 IYE EN-92985 1 1995.00 English Books

© Delhi Public Library
Hit Counter
free hit counter